000 00634nam a2200157Ia 4500
008 210210b2000 xxu||||| |||| 00| 0 eng d
020 _a81 7371 194 1
082 _a509 SPAO
100 _aSPANGENBURG (Ray) & MOSER (Diane K).
245 _aOn the shoulders of giants: The history of science from the ancient Greeks to the scientific revolution
260 _aHyderabad
_bUniversities Press
_c2000
300 _aix,166
650 _aAncient Greeks Scientific Revolution Aristotle Copernicus Kepler Galileo Newton Vesalius Fabricius Paracelsus Harvey Blood Circulation Diversity Life
690 _aScience History
906 _aSG03751
999 _c114549
_d114549